000 01914nam0a2200361 4500
001 RU\NLR\BIBL_A\022661589
005 20260209121001.0
010 _a978-5-89078-194-9
_9100
021 _aRU
_bКН-П-25-058308
_9КН-П-25-5616
035 _a(NLR Aleph) 022661589
090 _a13547247
_c13547247
100 _a20251107d2025 u y0rusy50 ca
101 0 _arus
102 _aRU
105 _aach i 010yy
181 0 _ai3
_baxxe
182 0 _an
200 1 _a80 лет Великой Победы, 1941-1945
_eстатистический сборник
_fМежгосударственный статистический комитет Содружества Независимых Государств
_gредакционная коллегия: К. Э. Лайкам - председатель [и др.]
203 _aТекст
_bвизуальный
_cнепосредственный
210 _aМосква
_cМежгосударственный статистический комитет Содружества Независимых Государств
_d2025
215 _a247 с.
_cил., цв. ил., портр., факс., табл.
_d25
320 _aБиблиогр.: с. 245-247 (47 назв.)
606 1 _aВеликая Отечественная война
_z1941 - 1945
_jСтатистические материалы
_2nlr_sh1
_2nlr_sh2
_3RU\NLR\AUTH\668893
607 _aСССР
_xСоциально-экономическое положение
_xСтатистика
_z1941 - 1945
_2nlr_sh2
_3RU\NLR\AUTH\6601762169
686 1 _aУ03(2)722-05
686 1 _aЦ35(2)722-7я3
702 1 _aЛайкам
_bК. Э.
_gКонстантин Эмильевич
_4340
712 0 1 _aСНГ
_bСтатистический комитет
_3RU\NLR\AUTH\889987984
_4475
942 _cBOOK
980 _aNB